000 00604nam a2200193 a 4500
005 20210219153005.0
008 991125n 000 0 spa u
035 _aUPN01000071674
100 _aAVECILLA, Carlos
222 _aCOMUNICACION EDUCATIVA SEP
245 _aLos derechos de autor : en México y en el mundo
300 _a28-29
362 _a1991 Año 8, no. 88-90, feb.-abr.
653 0 _aCONGRESO INTERNACIONAL SOBRE PROTECCION DE LOS DERECHOS INTELECTUALES (4o : feb. 25-27 : MÉXICO)
653 0 _aDERECHOS DE AUTOR
653 0 _aMEXICO
904 _aAC
_b009485
905 _aArticulo
999 _c65665
_d65665